| 000 | 00784nas a2200253 i 4500 | ||
|---|---|---|---|
| 001 | 2465 | ||
| 003 | ES-MaACL | ||
| 005 | 20250814062558.0 | ||
| 007 | t| | ||
| 008 | 950801c1947 ag | | 1 ||pa d | ||
| 080 | _a008 | ||
| 245 | 0 | 0 | _aAnales de la Institución Cultural Española. |
| 260 |
_aBuenos Aires : _bTalls. Gráfs. Linari, _c1947. |
||
| 300 |
_a5 v. : _bgrab ; _c24 cm. |
||
| 310 | _aAnual | ||
| 362 | 0 | _aT. I (1947) | |
| 500 | _aNo se publicó de 1949-52. | ||
| 650 | 4 |
_aInstituciones científicas y diversas _913829 |
|
| 650 | 7 |
_aCultura _2embne _9170963 |
|
| 710 | 0 | 0 |
_aInstitución Cultural Española (Buenos Aires) _94714 |
| 852 |
_aES-MaACL _jE-4529-33 |
||
| 866 | 0 | _o1947(años 1912-1920)1948(años 1921-1925).1953 (años 1926-1930). | |
| 999 |
_c2465 _d2465 |
||